000 01072nam a22002537a 4500
005 20170124102941.0
010 _aA-610282
020 _c60.00
035 _aA-610282
037 _bCen Lib/Ret
040 _aDPL
_bHN
082 _a821
_bशर्माध
100 _aशर्माध , धर्मवीर
_948475
245 _aदिव्या पुरुष प. मदन मोहन मालवीय /
_cधर्मवीर शर्मा
246 _aDivya puruysh p. Madan Mohan Malviya
_b by Dharamveer Sharma
260 _aदिल्ली
_bसाहित्य केंद्र प्रकशन
_c1993
270 _aई -5/20,कृष्णा नगर
_b दिल्ली
_e110051
300 _a100पृष्ठ.
_c20सेमी(सजिल्द)
650 _aहिंदी साहित्य
_948476
650 _aहिंदी काव्य
_948477
650 _aHindi Literature
_948478
650 _aHindi poetry
_948479
942 _2ddc
_cHN
_h821
_mशर्माध
999 _c112626
_d112626